Statistics for World Capitals By First Three Letters #2

Click here to take the quiz!

General Stats

  • This quiz has been taken 251 times
    (226 since last reset)
  • The average score is 18 of 20

Answer Stats

First Three LettersAnswer% Correct
CopCopenhagen
99%
DubDublin
99%
HelHelsinki
96%
JakJakarta
96%
RomRome
96%
LimLima
95%
ReyReykjavik
95%
QuiQuito
94%
WelWellington
94%
DakDakar
93%
TokTokyo
92%
MadMadrid
91%
MosMoscow
90%
MusMuscat
87%
AndAndorra La Vella
86%
KatKathmandu
86%
WinWindhoek
80%
ValValletta
79%
CarCaracas
78%
MasMaseru
59%

Score Distribution

Percentile by Number Answered

Percent of People with Each Score

Your Score History

You have not taken this quiz since the last reset